Vplyv cestovného ruchu na ekonomický výkon vybraných krajín bakalárska práca

Uložené v:
Podrobná bibliografia
Hlavný autor: Kešnerová, Pavlína
Korporativný autor: Obchodná fakulta EU. Katedra služieb a cestovného ruchu - zrušené
Ďalší autori: Čukanová, Miroslava, 1984-
Médium: Kniha
Jazyk:Slovak
Vydavateľské údaje: Bratislava 2021
Tagy: Pridať tag
Žiadne tagy, Buďte prvý, kto otaguje tento záznam!

MARC

LEADER 00000nbm a2200000 4500
001 0275928
005 20220203120149.3
041 0 |a slo 
044 |a SK 
245 1 0 |a Vplyv cestovného ruchu na ekonomický výkon vybraných krajín  |b bakalárska práca  |c Pavlína Kešnerová ; školiteľ: Miroslava Čukanová 
264 1 |a Bratislava  |c 2021 
300 |a 53 s. 
100 1 |a Kešnerová, Pavlína 
700 1 |a Čukanová, Miroslava, 1984- 
710 2 |a Obchodná fakulta EU. Katedra služieb a cestovného ruchu - zrušené